Les pouvoirs exclusifs de chaque anime - Statistiques

Statistiques générales
  • Ce quiz a été pris 636 fois
  • Le résultat moyen est 10 sur 13
Statistiques - réponses
Hint Réponse % Correct
Alchimie Full Metal Alchemist
93%
Chakra Naruto
92%
Alter My Hero Academia
88%
Nen Hunter X Hunter
86%
Elements Avatar le dernier maître de l'air
82%
Souffle Demon Slayer
79%
Energie occulte Jujutsu Kaisen
79%
Haki/Fluide One Piece
79%
Ki Dragon Ball
71%
Stand Jojo's Bizarre Adventure
67%
Kagune Tokyo Ghoul
56%
Pouvoir spirituel Bleach
52%
Pouvoir des rois Code Geass
45%
Aucun quiz correspondant
Distribution des résultats
% des personnes avec chaque résultat
Percentile par nombre de réponses
Votre historique - résultats
Vous n’avez pas pris ce quiz